00465nmm a2200169Ia 4500008004100000020001800041041000800059100002700067245002000094264005200114300001800166490001400184650002200198856005100220942000700271999001700278251105s9999||||xx |||||||||||||||||und|| a9788498653281 aglg aFreixanes, Víctor F. 0aCabalo de ouros a[Madrid, España] :bEditorial Galaxia, c2010 a364 páginas aLiteraria aSpanish narrative uhttps://public.digitaliapublishing.com/a/84974 cCF c91980d91980